000 00326nam a2200145Ia 4500
001 17705
008 140405s9999 xx 000 0 und d
040 _cPK-LaUMT
082 _a 610.222
_bNEW-
245 4 _aThe new image bank
260 _c2000
500 _aCataloguing information incomlete
546 _aEN
942 _cBK
999 _c18114
_d18114